Coping with obscurity : the Brown workshop on earlier egyptian grammar /

محفوظ في:

المؤلف الرئيسي: Allen, James P., 1945- (مؤلف)

مؤلفون آخرون: Collier, Mark, Stauder, Andréas, 1977-

التنسيق: كتاب

اللغة: English
German

سلاسل: Wibour studies in egyptology and assyriology ; 3.
Wilbour studies in Egypt and ancient western Asia ; 3.
WSEAWA ; 3.

الموضوعات:

الوسوم: إضافة وسم

لا توجد وسوم, كن أول من يضع وسما على هذه التسجيلة!

رقم الطلب: DT57 .W35 v.3

LEADER 01575nam a22003497a 4500
003 OSt
005 20260209134724.0
008 260209t2016 gaua g b 101 0 eng d
020 |a 9781937040420 
040 |c ARCE Library 
041 0 |a eng  |a ger 
043 |a f-ua--- 
050 1 4 |a DT57  |b .W35 v.3 
100 1 |a Allen, James P.,  |d 1945-  |e author 
245 1 0 |a Coping with obscurity :  |b the Brown workshop on earlier egyptian grammar /  |c James P. Allen, Mark A. Collier, Andréas Stauder. 
264 1 |a Atlanta, Georgia :  |b Lockwood Press,  |c 2016. 
300 |a vii, 264 pages :  |b illustrations ;  |c 29 cm. 
490 1 |a Wibour studies in egyptology and assyriology ;  |v 3. 
490 1 |a Wilbour studies in Egypt and ancient western Asia ;   |v 3. 
500 |a "The papers in this volume were initially presented and discussed at the Brown Workshop on Earlier Egyptian Grammar, held at Brown University on March 27-29, 2013, under the auspices of the university's Department of Egyptology and Assyriology"--Page vii. 
500 |a Eight articles in English ; one in German. 
504 |a Includes bibliographical references (pages 225-255) and index. 
650 0 |a Egyptian language  |x Grammar, Historical. 
650 0 |a Egyptian language  |x Grammar. 
650 0 |a Egyptian language  |x History. 
700 1 |a Collier, Mark  |q (Mark Anthony)  
700 1 |a Stauder, Andréas,  |d 1977-  
830 0 |a Wibour studies in egyptology and assyriology ;  |v 3. 
830 0 |a Wilbour studies in Egypt and ancient western Asia ;   |v 3. 
830 0 |a WSEAWA ;   |v 3. 
942 |c BK  |2 lcc 
999 |c 1285  |d 1285